Marketing planning and strategy

محفوظ في:
التفاصيل البيبلوغرافية
المؤلف الرئيسي: Jain, Subhash C (مؤلف)
التنسيق: كتاب
اللغة:الإنجليزية
منشور في: Stamford Thompson 2004
الطبعة:7a. ed
الموضوعات:
الوسوم: إضافة وسم
لا توجد وسوم, كن أول من يضع وسما على هذه التسجيلة!

MARC

LEADER 00000nam a2200000 a 4500
001 UCK0231
003 CL-VaPUC
008 040924e20040000US |||||||||||||||||eng|d
020 |a 075933871X 
082 0 4 |a 658.8  |b JAI  |2 21 
100 |a Jain, Subhash C  |e author  |9 488138 
245 1 0 |a Marketing planning and strategy 
250 |a 7a. ed 
300 |a 935 p 
942 |c BK 
945 |d 20040924 00:00:00  |a vberengu 
260 |a Stamford  |b Thompson  |c 2004 
650 0 |a Administración de empresas   |9 260833 
650 0 |a Planificación estratégica   |9 259735 
583 |a last modification  |c 20130401 06:17:13  |k Rodrigo Vera 
999 |c 310720  |d 310718 
952 |0 0  |1 0  |4 0  |6 658_800000000000000_JAI_2004  |7 0  |8 A  |9 379641  |a BIBENE  |b BIBENE  |d 2019-11-21  |i 4055608  |o 658.8 JAI 2004  |p 4055608  |r 2025-01-15  |w 2019-11-21  |y BK  |k ICO